Statistics for Biggest Cities in Bangladesh on a Map

Click here to take the quiz!

General Stats

  • This quiz has been taken 369 times
  • The average score is 10 of 20

Answers on the Map

Answers color-coded by a green-red scale on the quiz's map according to % correct below.
 

Answer Stats

PopCity% Correct
11.0 mDhaka
100%
3.67 mChittagong
95%
1.04 mKhulna
75%
526 kSylhet
70%
224 kCox's Bazar
59%
328 kRangpur
58%
339 kBarisal
57%
764 kRajshahi
56%
389 kMymensingh
49%
408 kComilla
43%
1.82 mGazipur
41%
1.64 mNarayanganj
40%
253 kJessore
37%
412 kBogra
36%
191 kDinajpur
31%
190 kPabna
28%
193 kBrahmanbaria
25%
181 kChapai Nawabganj
24%
171 kChandpur
23%
167 kTangail
23%

Score Distribution

Percentile by Number Answered

Percent of People with Each Score

Your Score History

You have not taken this quiz